Dirāsāt fī tārīkh al-Mamālīk al-Baḥrīyah wa-fī ʻaṣr al-Nāṣir Muḥammad bi-wajhin khāṣṣ /

محفوظ في:

المؤلف الرئيسي: Ḥasan, ʿAlī Ibrāhīm (مؤلف)

التنسيق: كتاب

اللغة: Arabic

منشور في: [Cairo] : Maktabat al-Nahḍah al-Miṣrīyah, 1948.

الطبعة: al-Ṭabʻah 2.

الموضوعات:

الوسوم: إضافة وسم

لا توجد وسوم, كن أول من يضع وسما على هذه التسجيلة!

رقم الطلب: DT96 .M215 H3 1948

LEADER 01497nam a2200289Ia 4500
003 OSt
005 20230612063145.0
008 130303s1948 ua ab b 001 0bara d
952 |0 0  |1 0  |2 lcc  |4 0  |6 DT0096 M215 H3 01948  |7 1  |9 49001  |a ARCE  |b ARCE  |d 2023-06-12  |l 0  |o DT96 .M215 H3 1948  |p 1024719  |r 2023-06-12 00:00:00  |w 2023-06-12  |y BK 
999 |c 24881  |d 24881 
040 |c ARCE Library 
043 |a f-ua--- 
050 4 |a DT96 .M215 H3 1948 
100 1 |6 880-01  |a Ḥasan, ʿAlī Ibrāhīm,  |e author 
245 1 0 |6 880-02  |a Dirāsāt fī tārīkh al-Mamālīk al-Baḥrīyah wa-fī ʻaṣr al-Nāṣir Muḥammad bi-wajhin khāṣṣ /   |c Ta’līf ʻAlī Ibrāhīm Ḥasan. 
250 |a al-Ṭabʻah 2. 
264 1 |a [Cairo] :   |b Maktabat al-Nahḍah al-Miṣrīyah,   |c 1948. 
300 |a 416 p. :   |b ill., maps ;   |c 28 cm. 
504 |a Includes bibliographical references and indexes. 
600 0 0 |a Nāṣir Muḥammad ibn Qalāwūn,‏  |c Sulṭān of Egypt and Syria,  |d 1285-1341. 
650 0 |a Mamelukes  |x History. 
651 0 |a Egypt   |x History   |y 1250-1517. 
740 0 |a Tārīkh al-Mamālīk al-baḥrīyah. 
880 1 |6 100-01/(3/r  |a حسن، علي إبراهيم 
880 1 0 |6 245-02/(3/r  |a دراسات في تاريخ المماليك البحرية و في عصر الناصر محمد بوجه خاص   |c تأليف علي إبراهيم حسن.‪‪‪‪‪‪‪‪‪‪‪‪‪‪‪‪‪‪‪‪‪‪‪‪‪‪‪‪‪‪‪‪‪‪‪‪‪‪‪‪ 
901 |a reviewed 
942 |c BK  |2 lcc